[Event "27th Keres Memorial 2018"]
[Site "Tallinn"]
[Date "2018.01.14"]
[Round "9.6"]
[White "Meskovs, Nikita"]
[Black "Kantans, Toms"]
[Result "0-1"]
[WhiteElo "2577"]
[BlackElo "2531"]
[Annotator "TA"]
[PlyCount "80"]
[EventDate "2018.??.??"]
[EventType "swiss"]
[EventCountry "EST"]
[SourceTitle "playchess.com"]
[Source "ChessBase"]
[SourceQuality "1"]

{[%evp 15,80,0,29,19,32,41,147,-63,180,-12,0,-47,-40,-102,-105,-110,-88,-125,-134,-190,-184,-179,-165,-173,-177,-376,-364,-320,-294,-272,-235,-589,-545,-782,-772,-1075,-1068,-1130,-1078,-1507,-849,-1006,-959,-1032,-1046,-1030,-1008,-972,-941,-1030,-1020,-1119,-1100,-1345,-1303,-1466,-1425,-29987,-1900,-2338,-1438,-29986,-3305,-29990,-29991,-29991,-29987]} 1. c4 c5 2. Nf3 Nf6 3. Nc3 d5 4. cxd5 Nxd5 5. e4 Nb4 6. Bc4 Nd3+ 7. Ke2 Nf4+ {A34: Symmetrical English: 2 Nc3, lines with ...d5} 8. Kf1 Ne6 {LiveBook: 156 Games} 9. d4 (9. h4 Nd4 10. d3 e6 11. Bf4 a6 12. Nxd4 cxd4 13. Ne2 Nc6 14. a3 Bd6 15. Bxd6 Qxd6 {0-1 (34) Svidler,P (2751)-Vachier Lagrave,M (2804) Tbilisi 2017}) 9... Nxd4 {The position is equal.} 10. Bf4 $146 {Black must now prevent Nxd4.} ({Predecessor:} 10. Nxd4 cxd4 11. Nb5 Nc6 12. Qb3 Be6 13. Bxe6 fxe6 14. Qxe6 Qd7 15. Qxd7+ Kxd7 {0-1 (33) Kamberi,S (2374)-Langer,M (2302) Dallas 2000}) 10... Nbc6 (10... e6 $14) 11. Nd5 $2 (11. Nxd4 $1 $16 cxd4 12. Qb3 (12. Qh5 g6 $15)) 11... Ne6 $2 (11... e5 $1 $15 {keeps the upper hand.} 12. Bxe5 (12. Nxe5 Bd6 $11) 12... Nxe5 13. Nxe5 Bd6 14. Qa4+ Kf8) 12. Bg3 $2 (12. Ng5 $1 $18) 12... Bd7 $1 $11 13. h4 $1 Rc8 14. a4 ({Better is} 14. h5 $15) 14... Ned4 $17 15. Nxd4 Nxd4 16. Qh5 {Intending Nf6+! and mate.} e6 17. Qe5 {[#]} (17. Ne3 $17) 17... f6 $1 $19 {[%cal Rf6e5]} 18. Nc7+ Kf7 19. Qf4 a6 20. h5 $2 (20. Rd1) 20... b5 21. Ba2 c4 {aiming for ...e5.} 22. Qd2 e5 ({Not} 22... Rxc7 23. Bxc7 Qxc7 24. Qxd4 $17) 23. Nxa6 $2 (23. Nd5) 23... Qb6 24. Nb4 Qa5 25. Bxe5 fxe5 26. Qg5 Qxb4 27. Qxe5 Qd6 28. Qg5 Be7 29. Qe3 Nc2 30. Qf3+ Qf6 31. Rd1 Bc6 32. axb5 Bxb5 33. Qe2 Nb4 34. Bb1 Rhd8 {Threatens to win with ...c3.} 35. Rxd8 Rxd8 36. Rh3 Kg8 (36... c3 $142 37. Bd3 Rxd3 38. Kg1 cxb2 39. Qe1 Rxh3 40. gxh3 Qg5+ 41. Kh2 Bd6+ 42. e5 Bxe5+ 43. Qxe5 Qxe5+ 44. Kh1 b1=Q+ 45. Kg2 Bf1+ 46. Kh1 Bxh3#) 37. e5 Qg5 {( -> ...Qc1+)} 38. Re3 {[#]} Nd5 (38... c3 $142 $1 39. Qxb5 (39. bxc3 Rd1#) 39... Rd1+ 40. Ke2 Qxh5+ 41. Rf3 Rd2+ 42. Ke3 Nd5+ 43. Qxd5+ Rxd5 44. Rf8+ Kxf8 45. Ke4 Qxe5+ 46. Kf3 Qf6+ 47. Ke2 Rd2+ 48. Ke3 Qxf2+ 49. Ke4 Rd4+ 50. Ke5 Qf6#) 39. f4 Nxe3+ 40. Qxe3 Qxh5 {Precision: White = 23%, Black = 61%.} 0-1

[Event "27th Keres Memorial 2018"]
[Site "Tallinn"]
[Date "2018.01.14"]
[Round "9.7"]
[White "Kukk, Sander"]
[Black "Potkin, Vladimir"]
[Result "1/2-1/2"]
[WhiteElo "2306"]
[BlackElo "2650"]
[Annotator "TA"]
[PlyCount "85"]
[EventDate "2018.??.??"]
[EventType "swiss"]
[EventCountry "EST"]
[SourceTitle "playchess.com"]
[Source "ChessBase"]
[SourceQuality "1"]

{[%evp 9,85,0,9,0,4,8,16,4,19,12,14,16,11,-15,-28,-25,-24,-25,-33,-33,-21,-13,-18,-53,-51,-53,-25,-79,-77,-98,-66,-68,-68,-64,-64,-76,-77,-77,-76,-84,-84,-116,-116,-121,-118,-138,-111,-115,-82,-83,-57,-53,-52,-45,-35,-29,-39,-89,0,0,0,0,0,0,0,0,0,0,0,0,0,0,0,0,0,0,0,0]} 1. b3 d5 2. e3 Nf6 3. Bb2 Bf5 4. Nf3 e6 5. d4 Be7 {LiveBook: 4 Games} (5... Bb4+ 6. c3 Be7 7. Bd3 O-O 8. O-O c6 9. c4 Bxd3 10. Qxd3 Nbd7 11. Nc3 Bb4 12. Ne2 Ne4 13. c5 Ba5 14. a3 Bc7 15. b4 Qf6 16. Rad1 a6 17. Ng3 Bxg3 18. hxg3 Qh6 19. Ne5 {0-1 (48) Camacho Collados,M (2461)-Korneev,O (2591) Roquetas de Mar 2015}) 6. Bd3 {D04: Colle System} O-O 7. O-O a5 $146 ({Predecessor:} 7... Ne4 8. Nc3 Nxc3 9. Bxc3 Bg4 10. e4 c5 11. h3 Bh5 12. exd5 cxd4 13. Bxd4 Qxd5 {1-0 (40) Lopez de Turiso,J (2035)-Lopez Ziegler,C (1852) Collado Villalba 2017}) 8. a3 a4 9. b4 Nbd7 10. c4 Nb6 11. cxd5 Bxd3 12. Qxd3 {Black should prevent dxe6.} exd5 13. Nbd2 Re8 14. Ne5 Bd6 15. Rac1 Nfd7 {[%cal Rd7e5]} 16. Nxd7 Qxd7 17. f3 c6 18. e4 (18. g3 $11 {remains equal.}) 18... Bf4 $17 19. Bc3 Nc4 20. Nxc4 dxc4 21. Qxc4 Be3+ 22. Kh1 Bxc1 23. Rxc1 Qe6 24. Qxe6 Rxe6 {[%mdl 4096] Endgame KRR-KRB} 25. Kg1 {[#]} f5 $1 {[%mdl 512]} 26. e5 (26. exf5 Re7) 26... Kf7 27. Kf2 Rd8 28. Ke3 g5 29. g4 fxg4 30. fxg4 Rh6 31. b5 $1 Rxh2 32. bxc6 bxc6 {Hoping for ...Rh3+.} 33. Bb4 h5 (33... Rh3+ $17 34. Ke4 Rg3 35. Rxc6 Rxg4+ 36. Kf5 Rgxd4 37. Rc7+ Kg8 38. Kxg5 Re8) 34. gxh5 $11 {The position is equal.} Rh3+ 35. Ke4 Rh4+ 36. Kf5 Rf4+ 37. Kxg5 Rdxd4 {aiming for ...Rg4+.} 38. Rxc6 {[#] e6+ is the strong threat.} Rg4+ 39. Kh6 {Strongly threatening e6+.} Rde4 40. Rf6+ Ke8 41. e6 {[%csl Gb4][%cal Rf6f8]} Rxb4 42. axb4 {Threatens to win with Rf5.} Ke7 43. Rf7+ {Precision: White = 65%, Black = 71%.} 1/2-1/2

[Event "27th Keres Memorial 2018"]
[Site "Tallinn"]
[Date "2018.01.14"]
[Round "9.8"]
[White "Kovalev, Vladislav"]
[Black "Narva, Mai"]
[Result "1-0"]
[WhiteElo "2642"]
[BlackElo "2184"]
[Annotator "TA"]
[PlyCount "89"]
[EventDate "2018.??.??"]
[EventType "swiss"]
[EventCountry "EST"]
[SourceTitle "playchess.com"]
[Source "ChessBase"]
[SourceQuality "1"]

{[%evp 10,89,0,0,0,0,-3,-4,1,10,27,-1,15,-7,-8,-9,-7,-5,17,0,0,-7,0,-17,-25,-27,-18,-18,-18,-29,-36,-77,-37,-37,-10,-20,-18,-11,-10,-23,-17,-21,-29,-23,-7,-13,-10,-5,-20,-25,-22,-31,-16,-33,9,-6,0,-10,18,26,74,0,37,23,47,45,53,0,0,0,618,620,607,600,691,688,657,669,700,681,681,639]} 1. e4 c5 2. Be2 Nc6 3. d3 g6 4. f4 Bg7 5. Nf3 d6 6. O-O e6 {B21: Sicilian: 2 f4 and Morra Gambit} 7. c3 Nge7 8. Be3 O-O {The position is equal.} (8... b6 9. Nbd2 Bb7 10. a3 d5 11. Bf2 Qc7 12. e5 f6 13. d4 cxd4 14. cxd4 {1-0 (48) Kovalev,V (2639)-Demchenko,A (2660) Riadh 2017}) 9. Nbd2 b5 10. a3 Rb8 $146 ({Find the theoretical novelty and annotate with similar games:} 10... Bb7 11. Qe1 Qd7 12. Qh4 f5 13. Qh3 {1-0 (58) Pakosta,S (2245)-Kolar,J (2015) Czechia 2001}) 11. Rc1 a5 12. d4 cxd4 13. cxd4 Qb6 14. Bf2 {[#] Strongly threatening d5.} Nxd4 15. Kh1 e5 $1 16. Nxd4 exd4 17. Nf3 {[%cal Rf3d4]} Nc6 18. Qd2 Re8 19. Bd3 Bg4 20. Nh4 Rbd8 21. h3 Bc8 22. Nf3 a4 23. Bb1 Be6 24. Rfd1 {[%cal Rf3d4]} Bb3 25. Nxd4 Nxd4 26. Bxd4 Bxd4 27. Qxd4 Qxd4 28. Rxd4 d5 {Black wants to play ...dxe4.} 29. e5 Rc8 30. Re1 f6 31. e6 f5 (31... Rc4 $5 {[%cal Rc4d4]} 32. Rxd5 Rxf4 33. Rxb5 Rd4 $11) 32. g4 fxg4 {And now ...Rc4 would win.} 33. f5 Kg7 ({Much worse is} 33... gxh3 34. f6 $14) 34. hxg4 gxf5 35. gxf5 (35. Bxf5 $16 Kf6 36. Kh2 (36. Bxh7 Rxe6 37. Rf4+ Ke7 $11)) 35... Kf6 36. Rh4 $36 {[%mdl 2048] White fights for an advantage.} Bc2 37. Bxc2 Rxc2 $14 {[%mdl 4096] Endgame KRR-KRR} 38. Rf1 (38. Rxh7 $14 d4 39. Rf7+ Kg5 40. Rf1) 38... Rc7 39. Rh6+ Ke5 $2 {[%mdl 8192] [#]} (39... Kg5 $11 40. Rh2 Kf6) 40. f6 $18 {White is clearly winning.} Rxe6 41. Rh5+ Kd6 42. f7 Rxf7 43. Rxf7 Re1+ 44. Kg2 Re2+ 45. Rf2 {Precision: White = 54%, Black = 49%.} 1-0

[Event "27th Keres Memorial 2018"]
[Site "Tallinn"]
[Date "2018.01.14"]
[Round "9.9"]
[White "Neiksans, Arturs"]
[Black "Dubrovin, Robert"]
[Result "1/2-1/2"]
[WhiteElo "2590"]
[BlackElo "2251"]
[Annotator "TA"]
[PlyCount "124"]
[EventDate "2018.??.??"]
[EventType "swiss"]
[EventCountry "EST"]
[SourceTitle "playchess.com"]
[Source "ChessBase"]
[SourceQuality "1"]

{[%evp 23,124,27,35,0,0,0,8,8,26,18,43,37,40,39,91,93,110,110,110,96,105,105,106,114,117,112,95,73,110,44,44,47,45,49,55,52,70,65,116,111,130,118,127,108,152,85,191,64,72,77,135,129,129,141,145,62,27,10,79,8,8,8,8,8,22,28,9,8,37,8,8,8,8,8,8,14,9,8,8,8,8,8,8,8,8,8,9,8,8,0,0,0,0,-8,-8,-8,-8,-8,-8,-8,0,0,0]} 1. d4 Nf6 2. c4 g6 3. Nf3 Bg7 4. g3 O-O 5. Bg2 d6 6. O-O Nbd7 7. Nc3 e5 8. e4 c6 9. Re1 Re8 10. Rb1 a5 {E68: King's Indian: Fianchetto: 6...Nbd7 7 0-0 e5 8 e4} 11. b3 exd4 12. Nxd4 Nc5 {LiveBook: 4 Games. White has an edge.} 13. f3 Nfd7 14. Be3 Ne5 15. Re2 {[#]} f5 $146 ({Predecessor:} 15... a4 16. Rd2 axb3 17. axb3 Qe7 18. Nde2 Bf8 {0-1 (48) Ponkratov,P (2613)-McShane,L (2640) Riadh 2017}) 16. exf5 gxf5 17. Qd2 Bd7 18. Nc2 Qf6 (18... a4 $14) 19. Bd4 $36 {[%mdl 2048] White is in control.} Qf7 20. f4 Ng4 21. Rbe1 Rxe2 22. Rxe2 Re8 23. Rxe8+ Bxe8 24. Bxg7 Qxg7 25. Bf3 Qe7 26. Qe2 ({White should play} 26. Ne2 $16) 26... Qxe2 $14 27. Nxe2 Bd7 28. Ned4 Kf7 29. h3 Nh6 30. Ne3 Nd3 ({Better is} 30... Kg6 $14) 31. Bd1 $16 Kf6 32. Bc2 Nb4 33. Bb1 c5 {[#]} 34. Ne2 (34. Nb5 $142 $1) 34... a4 (34... Nc6 $16 {was necessary.}) 35. Nc3 (35. bxa4 $18 Bxa4 36. g4 fxg4 37. hxg4) 35... axb3 $14 36. axb3 Be6 (36... Ng8 $142) 37. Kf2 $16 Nf7 {[#]} 38. g4 $1 fxg4 39. Nxg4+ (39. hxg4 $16 h6 40. Kf3) 39... Kg7 $14 40. Be4 b6 (40... h5 $11 {remains equal.} 41. Ne3 Bxh3) 41. Na4 (41. f5 $16 Bd7 42. f6+ Kf8 43. Bxh7) 41... d5 $11 42. f5 dxe4 43. fxe6 {[%mdl 4096] Endgame KNN-KNN} Nd6 44. Nxb6 {Strongly threatening Nd7.} h5 45. Ne3 {aiming for Ned5.} Kf6 46. Ned5+ (46. Nd7+ {is more complex.} Kxe6 47. Nxc5+ Ke5 48. Ke2 Nc6 49. Kd2) 46... Kxe6 {The position is equal.} 47. Nxb4 cxb4 {KN-KN} 48. Nd5 Ke5 49. Nxb4 Kd4 50. Nc2+ Kc3 51. c5 Nb5 52. Ne3 Kxb3 53. Kg3 Kc3 54. c6 Kd3 55. Kf4 Nd4 56. Ng2 Nxc6 57. Kg5 Ke2 58. Kxh5 Kf3 59. Nh4+ Kf4 60. Ng2+ Kg3 61. Ne3 Kf3 62. Nd5 e3 {Precision: White = 56%, Black = 59%.} 1/2-1/2

[Event "27th Keres Memorial 2018"]
[Site "Tallinn"]
[Date "2018.01.14"]
[Round "9.10"]
[White "Smirnov, Artem"]
[Black "Kanep, Meelis"]
[Result "1/2-1/2"]
[WhiteElo "2300"]
[BlackElo "2487"]
[Annotator "TA"]
[PlyCount "125"]
[EventDate "2018.??.??"]
[EventType "swiss"]
[EventCountry "EST"]
[SourceTitle "playchess.com"]
[Source "ChessBase"]
[SourceQuality "1"]

{[%evp 23,125,35,35,40,33,17,45,39,101,101,106,104,106,103,107,112,130,135,187,168,181,156,213,220,225,169,300,317,298,0,0,0,0,0,0,-18,-16,-16,-25,-19,-6,-18,-10,-12,-16,-15,0,-8,0,0,209,10,10,10,10,14,14,9,11,0,27,0,0,0,0,0,48,37,34,0,0,0,0,0,0,0,0,0,0,0,0,0,8,0,0,0,0,0,0,0,0,0,37,34,46,0,0,0,68,0,0,0,67,0]} 1. d4 Nf6 2. c4 g6 3. Nc3 Bg7 4. e4 d6 5. Bd3 O-O 6. Nge2 e5 7. d5 a5 8. O-O Na6 9. f3 Nc5 10. Bc2 c6 11. Be3 cxd5 12. cxd5 Bd7 {LiveBook: 32 Games} 13. a4 {E88: King's Indian: Sämisch: 6...e5 7 d5 c6} Qb6 14. Bd3 Ne8 $146 ({Predecessor:} 14... Rfc8 15. Bb5 Bh6 16. Bxh6 Nxa4+ 17. Rf2 Nxc3 18. Nxc3 Bxb5 19. Qb3 Rxc3 20. Qxc3 Bd7 {1-0 (42) Socko,M (2433)-Kollars,D (2491) Hamburg 2016}) 15. Bb5 Qd8 (15... Bxb5 $14 16. Nxb5 (16. axb5 Nf6 $11) 16... Rc8) 16. Bxc5 $16 dxc5 17. Bxd7 Qxd7 18. Nb5 Bh6 19. Qd3 f5 20. Nec3 Nf6 (20... Nd6 $16) 21. exf5 gxf5 22. d6 Kh8 (22... Rac8 $16 23. Nd5 Nxd5 24. Qxd5+ Kh8 25. Qxe5+ Bg7) 23. Rae1 $18 Rae8 24. Nc7 e4 (24... Rd8 {is a better defense.}) 25. fxe4 fxe4 {[#]} 26. Qh3 $2 ({Inferior is} 26. Nxe4 Rxe4 27. Rxe4 Nxe4 $11) (26. Qg3 $1 $18) 26... Qxh3 $11 27. gxh3 Re5 $1 28. Kh1 e3 29. Rf3 (29. b3 {is interesting.} b6 30. Re2 Nd7 31. Rg1 Nf6 32. Rf1) 29... Nd7 30. Rxf8+ Bxf8 31. N7b5 Re6 32. Kg2 Bxd6 33. Nxd6 Rxd6 34. Rxe3 {[%mdl 4096] Endgame KRN-KRN} Rd2+ 35. Kg3 Nf6 36. Re6 Kg7 $2 {[#]} (36... Nd5 $11 {and Black is okay.}) 37. Re7+ $2 (37. Rxf6 $1 $18 {[%mdl 512]} Rxb2 (37... Kxf6 38. Ne4+) 38. Rf5) 37... Kg6 38. Rxb7 Rd3+ 39. Kg2 Rd2+ 40. Kf3 Rd3+ 41. Kg2 Kf5 42. Rb6 Rd2+ 43. Kf3 {aiming for Rxf6+!} Rd3+ 44. Kg2 Nh5 45. Rb5 {Black must now prevent Kg1.} Nf4+ 46. Kf1 Rf3+ 47. Ke1 Rxh3 48. Rxc5+ Kg4 {Hoping for ...Nd3+.} 49. Rxa5 Rxh2 50. Rb5 Nd3+ 51. Kd1 Nxb2+ 52. Kc1 Nxa4 53. Nxa4 {KRN-KR} h5 54. Rb4+ Kg3 55. Rb3+ Kg4 56. Rb4+ Kg3 57. Rb3+ Kf4 58. Nc5 h4 59. Ne6+ Kf5 60. Nd4+ Ke4 (60... Kg4 $11) 61. Ne6 (61. Nf3 $5 {[%cal Rf3h2]} Rh1+ 62. Kd2 $11) 61... Kf5 62. Nd4+ Ke4 63. Ne6 {Precision: White = 59%, Black = 52%.} (63. Nf3 $14 Rf2 64. Nd2+ Kf5 65. Rh3) 1/2-1/2

[Event "27th Keres Memorial 2018"]
[Site "Tallinn"]
[Date "2018.01.14"]
[Round "10"]
[White "Kovalenko, Igor"]
[Black "Stupak, Kirill"]
[Result "0-1"]
[WhiteElo "2713"]
[BlackElo "2527"]
[Annotator "TA"]
[PlyCount "147"]
[EventDate "2018.??.??"]
[EventType "swiss"]
[EventCountry "EST"]
[SourceTitle "playchess.com"]
[Source "ChessBase"]
[SourceQuality "1"]

{[%evp 9,147,53,49,49,60,49,44,51,62,45,46,54,44,41,55,42,47,40,65,59,100,102,127,101,135,88,79,55,54,74,53,39,51,48,76,39,49,0,8,-23,13,0,14,-21,0,0,0,-54,0,0,0,0,0,0,23,-366,-367,-384,-248,-243,-232,-545,-543,-533,-544,-518,-352,-319,-261,-355,-332,-682,-706,-698,-688,-683,-683,-931,-957,-916,-872,-1013,-420,-663,-655,-642,-644,-603,-540,-596,-554,-595,-591,-634,-615,-566,-56,-272,-262,-599,-547,-582,-569,-464,-353,-587,0,-568,0,-550,-551,-540,-493,-472,0,-471,0,-487,-499,-1041,-954,-1290,-579,-795,-783,-972,-787,-1331,-1803,-6103,-8753,-29961,-29960,-29974,-29975,-29995,-29996,-29996,-29989,-29989]} 1. e4 e6 2. d4 d5 3. Nd2 Nc6 4. Bb5 Nf6 5. e5 Nd7 6. c3 {C04: French Tarrasch: 3...Nc6} Ncb8 $146 ({Predecessor:} 6... Nb6 7. f4 Bd7 8. Bd3 Na5 9. Ne2 g6 10. Nf3 a6 11. a4 h5 12. b3 {1-0 (34) Palac,M (2573)-Naumkin,I (2440) Montecatini Terme 2000}) 7. f4 c5 8. Ne2 {White is slightly better.} Qb6 9. Ba4 Nc6 {[%cal Rc5d4]} 10. Nf3 cxd4 11. cxd4 Bb4+ 12. Kf2 Be7 13. h4 h5 14. a3 f5 15. Rh3 Qc7 16. Bd2 Nb6 17. Bc2 Nc4 18. Bc3 Bd7 19. Nc1 Nd8 {[%cal Bc6d8,Bd8f7,Bf7h6,Bh6g4][%mdl 32]} 20. Ng5 Nf7 21. Nd3 g6 22. Rc1 Nh6 23. Bb1 Ng4+ 24. Ke2 Qb6 25. Bc2 Rc8 26. Ba4 Qa6 27. Bxd7+ Kxd7 28. Ke1 (28. a4 $11) 28... b6 ({Black should try} 28... Rc6 $15) 29. Qe2 $11 Qa4 30. Bb4 Bxb4+ 31. axb4 Ke7 32. b3 $2 {[%mdl 8192]} (32. Kf1 $11 {and White has nothing to worry.}) 32... Qxb3 $19 33. Nxe6 Rc6 {Hoping for ...Rhc8.} ({But not} 33... Kxe6 $2 34. Nc5+ $1 {[%mdl 512]} Rxc5 35. Rxb3 $18) 34. Ng5 Rhc8 {Strongly threatening ...Nce3.} 35. Rd1 $2 (35. b5 {is more resistant.} Qxb5 36. Qa2) 35... Qc3+ 36. Kf1 Qxd4 37. Re1 Na3 38. Nf3 Qc4 39. Nd2 Qb5 40. Ra1 $2 (40. Kg1) 40... Nc2 41. Rxa7+ R8c7 42. Rxc7+ Rxc7 43. Kg1 Nxb4 44. Nf1 Nxd3 45. Rxd3 {[#]} Qc5+ (45... Rc3 $142 $1 {[%mdl 512]} 46. Rd2 (46. Rxc3 Qxe2) 46... Qc5+ 47. Kh1 Rc1) 46. Kh1 (46. Ne3 $142 Qc1+ 47. Nf1) 46... Nf2+ 47. Kh2 Nxd3 48. Qxd3 {[%mdl 4096] Endgame KQR-KQN} Qb4 49. Qg3 Rc6 50. Qg5+ Kd7 51. Qh6 Rc1 52. Ng3 Rc3 $2 {[#]} (52... Qe7 $19 {[%cal Re7h4]} 53. Kh3 Qf7) 53. Qg7+ $2 {[#]} ({White must play} 53. e6+ $1 $15 {[%mdl 512]} Kc6 (53... Kxe6 54. Qxg6+) 54. Qxg6) 53... Kc8 $1 54. e6 $2 (54. Qg8+ {was the crucial defense.} Kb7 55. Qxd5+ Rc6 56. Qf7+ Rc7 57. Qd5+ Ka7 58. Qa2+ Qa5 59. Qb3) 54... Re3 55. Qd7+ Kb8 56. Qd8+ Kb7 57. Qd7+ $2 (57. Qxd5+ Ka6 58. Qa8+ Kb5 59. Qe8+ Kc5 60. Qc8+ Kd4 61. Nf1) 57... Kb8 58. Qd8+ Kb7 59. Qd7+ $1 Ka6 60. Qc8+ Kb5 61. Qd7+ Ka6 ({Don't play} 61... Kc5 62. Qc7+ Kd4 63. e7 $19) 62. Qc8+ Kb5 63. Qd7+ Kc4 ({Less strong is} 63... Kc5 64. Qc7+ Kd4 65. e7 $19) 64. Nf1 (64. Qc6+ $142 Kb3 65. Qxd5+ Kb2 66. Kg1) 64... Re1 65. Qc6+ Kd4 (65... Qc5 $142 66. Qa4+ Kc3) 66. Ng3 b5 67. Qe8 Kd3 68. Qxg6 Qxf4 {[%cal Rf4h4]} 69. Qxh5 Kc4 70. Kh3 Rxe6 {Black mates.} 71. Nxf5 Re5 72. g4 Qf3+ 73. Ng3 Rxh5 74. gxh5 {Precision: White = 31%, Black = 54%.} 0-1

[Event "27th Keres Memorial 2018"]
[Site "Tallinn"]
[Date "2018.01.14"]
[Round "10"]
[White "Alekseev, Evgeny"]
[Black "Meier, Georg"]
[Result "1/2-1/2"]
[WhiteElo "2697"]
[BlackElo "2660"]
[Annotator "TA"]
[PlyCount "43"]
[EventDate "2018.??.??"]
[EventType "swiss"]
[EventCountry "EST"]
[SourceTitle "playchess.com"]
[Source "ChessBase"]
[SourceQuality "1"]

{[%evp 22,43,28,28,22,25,22,27,17,21,14,13,27,18,23,14,17,13,12,16,16,4,12,7]} 1. e4 e6 2. d4 d5 3. Nc3 dxe4 4. Nxe4 Nd7 5. Nf3 {[%cal Bg1f3,Bf3d4,Bd4b3][%mdl 32]} Ngf6 6. Bd3 c5 7. O-O Nxe4 8. Bxe4 Nf6 9. Bg5 cxd4 {C10: French with 3 Nc3: Unusual Black 3rd moves and 3...dxe4} 10. Nxd4 Be7 11. Bf3 O-O 12. Qd3 {LiveBook: 25 Games} Bc5 13. Rad1 e5 {[%cal Rc5d4]} 14. Nb3 Qxd3 15. cxd3 Bb6 16. Rfe1 h6 17. Bh4 {[#]} Be6 $146 18. Rxe5 Rac8 {The position is equal.} 19. Re2 Rfd8 20. h3 Rd7 21. Rc1 Rcd8 22. Bxf6 {Precision: White = 72%, Black = 100%.} 1/2-1/2

[Event "27th Keres Memorial 2018"]
[Site "Tallinn"]
[Date "2018.01.14"]
[Round "10"]
[White "Potkin, Vladimir"]
[Black "Smirnov, Artem"]
[Result "1/2-1/2"]
[WhiteElo "2650"]
[BlackElo "2300"]
[Annotator "TA"]
[PlyCount "124"]
[EventDate "2018.??.??"]
[EventType "swiss"]
[EventCountry "EST"]
[SourceTitle "playchess.com"]
[Source "ChessBase"]
[SourceQuality "1"]

{[%evp 17,124,0,5,0,0,0,117,130,108,109,114,78,71,89,145,137,118,52,118,29,39,27,33,33,64,45,58,20,50,45,58,24,41,30,49,0,0,0,56,0,12,12,26,0,0,0,0,0,4,-62,-47,-79,-66,-71,-58,-73,-60,-20,-25,-30,-11,-299,-298,-406,-198,-328,-356,-375,-259,-412,-64,-313,-8,-9,0,-39,8,8,8,8,20,20,25,25,52,49,163,161,177,8,8,0,0,0,0,-14,-14,-21,-23,-43,-14,-22,8,8,8,0,0,0,0]} 1. c4 f5 2. d4 e6 3. g3 Nf6 4. Bg2 d5 5. Nh3 Bd6 6. O-O O-O 7. Bf4 Be7 8. Nc3 c6 9. Qc2 {A90: Dutch Defence: Miscellaneous and Modern Stonewall (with ...Bd6)} dxc4 {LiveBook: 7 Games} (9... Na6 10. Rad1 h6 11. Bc1 g5 12. b3 Bd7 13. f3 Be8 14. Nf2 Bg6 15. e3 Rc8 16. c5 Nc7 {0-1 (55) Miljkovic,M (2524)-Sedlak,N (2622) Belgrade 2014}) 10. e4 Na6 $146 ({Predecessor:} 10... Qxd4 11. Rad1 Qc5 12. Rfe1 Re8 13. Ng5 h6 14. Nf3 Nbd7 15. exf5 Qxf5 16. Qe2 Nb6 {1-0 (29) Lukacs,P (2475)-Llanos,G (2437) Budapest 1999}) 11. Qe2 c5 (11... Qxd4 $11 {remains equal.} 12. Rfd1 Qc5) 12. d5 $16 {[#] d6 is the strong threat.} exd5 13. exd5 Bd6 14. Qxc4 Nc7 15. Rfe1 a6 ({Better is} 15... Rb8) 16. Bxd6 Qxd6 17. Qf4 (17. Na4 $16) 17... Nce8 (17... Rd8 $14) 18. Re5 (18. Na4 $16) 18... Nh5 $11 19. Qe3 Nef6 20. Qe2 h6 21. f4 Bd7 22. Nf2 g6 23. Re1 Ng7 24. Qd2 b5 {[%cal Bb7b5,Bb5b4][%mdl 32]} 25. a3 a5 26. h3 b4 27. Ncd1 c4 (27... Bb5 $11) 28. Ne3 ({White should try} 28. axb4 $14 axb4 29. Qd4) 28... Rac8 29. axb4 axb4 30. Rc1 Bb5 31. Bf1 {[%cal Re3c4]} c3 32. bxc3 Bxf1 33. Kxf1 (33. Nxf1 $11 Nd7 34. Ree1) 33... Nd7 34. Nd3 bxc3 35. Rxc3 Nxe5 36. fxe5 Qa6 37. Rxc8 Rxc8 38. Kf2 Qa1 39. e6 $2 {[%mdl 8192] [#]} (39. Qb2 $1 $11 Qxb2+ 40. Nxb2) 39... Qd4 $1 $19 40. Ke2 Qe4 (40... Nh5 $142 41. Nf2 Nxg3+ 42. Ke1 Qe5) 41. Nf2 (41. e7 $142 Qxe7 42. Nf4) 41... Qe5 42. Kf3 Rd8 43. Qc2 (43. Qb4 $142 Nh5 44. Qh4 Rxd5 45. Nxd5 Qxd5+ 46. Ke2) 43... Qd6 $2 (43... Nh5 $19 44. Nh1 Nf6) 44. Qc4 $2 ({White must play} 44. Nd3 $1 $15) 44... Kh7 $2 ({Black should play} 44... Nh5 $19 45. Nh1 Qe5) 45. Nd3 g5 46. Qb4 Qxb4 47. Nxb4 $15 {[%mdl 4096] Endgame Black must now prevent e7. KRN-KNN} Kg6 48. Nc6 Re8 49. e7 Kf6 50. d6 {Strongly threatening d7.} Ke6 51. Nc4 {[%mdl 1024] White has compensation.} Kd7 (51... g4+ $14 52. hxg4 fxg4+ 53. Kxg4 Rg8) 52. N6e5+ $18 Ke6 53. Ke3 $2 (53. Ng6 $18) 53... Ra8 $11 54. Kd4 {White wants to play Nd3.} f4 55. gxf4 {And now Kc5 would win.} gxf4 56. Ke4 Nf5 57. d7 Nxe7 {Threatens to win with ...Nd5.} 58. Kxf4 Rd8 {aiming for ...Nd5+.} 59. Kg4 {The position is equal.} Rxd7 60. Nxd7 Kxd7 61. Ne5+ Ke6 62. Nd3 Kf6 {Precision: White = 23%, Black = 33%.} 1/2-1/2